A short life of Kierkegaard : with Lowrie's essay how Kierkegaard got into English and a new introduction by Alastair Hannay /

Hlavní autor: Lowrie, Walter, 1868-1959
Jazyk: Angličtina
Vydáno: Princenton : Princeton University Press, c2013
Témata:
Fyzický popis: xxv, 293 s. ; 21 cm
Knihy
Uloženo v:
LEADER 01694nam a2200457 a 4500
001 001447573
003 CZ BrMZK
005 20150619143305.0
007 ta
008 150109s2013 xxu f 001 d eng
020 |a 978-0-691-15777-1  |q (brož.) 
040 |a BOA001  |b cze 
043 |a e-dk--- 
045 |a w-w- 
072 7 |a 14(100-15)"15/20"  |x Moderní západní filozofie  |2 Konspekt  |9 5 
080 |a 101-051  |2 MRF 
080 |a 929  |2 MRF 
080 |a 27-1-051  |2 MRF 
080 |a 14(489)  |2 MRF 
080 |a 14:27  |2 MRF 
080 |a (489)  |2 MRF 
080 |a (0:82-4)  |2 MRF 
080 |a (092)  |2 MRF 
100 1 |a Lowrie, Walter,  |d 1868-1959  |7 skuk0003822  |4 aut 
245 1 2 |a A short life of Kierkegaard :  |b with Lowrie's essay how Kierkegaard got into English and a new introduction by Alastair Hannay /  |c Walter Lowrie 
246 3 |a Kierkegaard 
260 |a Princenton :  |b Princeton University Press,  |c c2013 
300 |a xxv, 293 s. ;  |c 21 cm 
504 |a Obsahuje bibliografie a rejstřík 
600 1 7 |a Kierkegaard, Søren Aabye,  |d 1813-1855  |7 jn19981001623  |2 czenas 
648 7 |a 19. století  |7 ch460557  |2 czenas 
650 0 7 |a filozofové  |7 ph117191  |z Dánsko  |y 19. století  |2 czenas 
650 0 7 |a křesťanští teologové  |7 ph122148  |z Dánsko  |y 19. století  |2 czenas 
650 0 7 |a dánská filozofie  |7 ph119676  |y 19. století  |2 czenas 
650 0 7 |a křesťanská filozofie  |7 ph138449  |z Dánsko  |y 19. století  |2 czenas 
655 7 |a eseje  |7 fd132213  |2 czenas 
655 7 |a biografie  |7 fd131909  |2 czenas 
910 |a BOA001  |b 2-1336.540 
990 |a BK 
991 |b 201506  |c NOV  |e n 
996 6 |b 2610618111  |c 2-1336.540  |l MZK  |r HSS 4p  |n 0  |p kup  |h 14(100-15) LOW  |w 001482027  |u 000010  |a 0  |e BOA001  |j MZK50  |s P